Statistics for Pokemon Evolutions Test Gen 4

Click here to take the quiz!

General Stats

  • This quiz has been taken 53 times
  • The average score is 8 of 10

Answer Stats

Original Pokemon NameEvolved Pokemon Name% Correct
ShieldonBastiodon
100%
BidoofBibarel
100%
DrifloonDrifblim
100%
ElectabuzzElectivire
100%
PrinplupEmpoleon
100%
BuizelFloatzel
100%
GibleGabite
100%
MurkrowHonchkrow
100%
MonfernoInfernape
100%
KricketotKricketune
100%
BunearyLopunny
100%
RioluLucario
100%
LuxioLuxray
100%
ChimcharMonferno
100%
RhydonRhyperior
100%
MunchlaxSnorlax
100%
StarlyStaravia
100%
BonslySudowoodo
100%
GrotleTorterra
100%
CombeeVespiquen
100%
SneaselWeavile
100%
GligarGliscor
75%
PiloswineMamoswine
75%
BronzorBronzong
67%
SnoverAbomasnow
50%
AipomAmbipom
50%
DusclopsDusknoir
50%
ShellosGastrodon
50%
ShinxLuxio
50%
StaraviaStaraptor
50%
BurmyWormadam
50%
YanmaYanmega
50%
TangelaTangrowth
40%
PiplupPrinplup
33%
HappinyChansey
0%
CherubiCherrim
0%
ChinglingChimecho
0%
SkorupiDrapion
0%
GabiteGarchomp
0%
TurtwigGrotle
0%
HippopotasHippodown
0%
LickitungLickilicky
0%
FinneonLumineon
0%
MagmarMagmortar
0%
MagnetonMagnezone
0%
MantykeMantine
0%
MisdreavusMismagius
0%
Mime Jr.Mr. Mime
0%
Porygon2Porygon-Z
0%
NosepassProbopass
0%
GlameowPurugly
0%
CranidosRampardos
0%
BudewRoselia
0%
RoseliaRoserade
0%
StunkySkuntank
0%
TogeticTogekiss
0%
CroagunkToxicroak
0%

Score Distribution

Percentile by Number Answered

Percent of People with Each Score

Your Score History

You have not taken this quiz